Heralds of Galactus by Picture - Statistics

General Stats
  • This quiz has been taken 15 times
  • The average score is 4 of 7
Answer Stats
Picture Answer % Correct
Silver Surfer
100%
Terrax the Tamer
71%
Nova (Frankie Raye)
64%
Air-Walker
50%
Firelord
50%
Morg the Executioner
29%
Stardust
29%
No matching quizzes found
Score Distribution
Percent of People with Each Score
Percentile by Number Answered
Your Score History
You have not taken this quiz